Dekompozicionnyje metody v drobno-linejnom programmirovanii
Enregistré dans:
| Auteur principal: | |
|---|---|
| Autres auteurs: | |
| Format: | Livre |
| Langue: | russe |
| Publié: |
Kišinev
Štiinca
1989
|
| Édition: | 1. izd. |
| Tags: |
Pas de tags, Soyez le premier à ajouter un tag!
|
MARC
| LEADER | 00000nam a2200000 4500 | ||
|---|---|---|---|
| 001 | c037602 | ||
| 005 | 20230221113446.6 | ||
| 041 | 0 | |a rus | |
| 044 | |a MD | ||
| 245 | 1 | 0 | |a Dekompozicionnyje metody v drobno-linejnom programmirovanii |c Naum Zuselovič Šor, Dmitrij Il'jič Solomon |
| 250 | |a 1. izd. | ||
| 264 | 1 | |a Kišinev |b Štiinca |c 1989 | |
| 300 | |a 203 s. | ||
| 100 | 1 | |a Šor, Naum Zuselovič | |
| 700 | 1 | |a Solomon, Dmitrij Il'jič | |